LIBRARY & INFORMATION CENTRE, KCAET, TAVANUR

ONLINE PUBLIC ACCESS CATALOGUE (OPAC)

Institutional finance for agriculture / (Record no. 7330)

MARC details
000 -LEADER
fixed length control field 00509cam a2200193ua 4500
020 ## - INTERNATIONAL STANDARD BOOK NUMBER
ISBN 81-204-0630-6
041 ## - LANGUAGE CODE
Language code of text/sound track or separate title eng
082 ## - DEWEY DECIMAL CLASSIFICATION NUMBER
Classification number 630.33
Item number DES/IN
100 ## - MAIN ENTRY--AUTHOR NAME
Personal name Desai, B M.
245 ## - TITLE STATEMENT
Title Institutional finance for agriculture /
250 ## - EDITION STATEMENT
Edition statement 1 /
260 ## - PUBLICATION, DISTRIBUTION, ETC. (IMPRINT)
Place of publication New Delhi :
Name of publisher Oxford & IBH Publishing company ,
Year of publication 1991.
300 ## - PHYSICAL DESCRIPTION
Number of Pages 100 ; .
700 1# - ADDED ENTRY--PERSONAL NAME
Personal name Namboodiri, N V .
942 ## - ADDED ENTRY ELEMENTS (KOHA)
Koha item type Books
Holdings
Withdrawn status Lost status Damaged status Home library Current library Date acquired Full call number Accession Number Koha item type
      KAUAET KAUAET 07/04/2012 630.33 20035 Books
free website counter